| 000 | 00732nam a2200205 u 4500 | ||
|---|---|---|---|
| 001 | 000358368 | ||
| 003 | AM-YeHGA | ||
| 005 | 20250617131514.0 | ||
| 008 | 040903s1984 ||| r 000 0 rus d | ||
| 040 | _aAM-YeHGA | ||
| 041 | 0 | _arus | |
| 100 | 1 |
_aМаяковский, Владимир Владимирович. _d1893-1930 |
|
| 245 | 1 | 0 |
_aЛирика / _cВладимир Маяковский; Сост., авт. вступ. и примеч. А. М. Ушаков. |
| 260 |
_aМосква : _bСов. Россия, _c1984. |
||
| 300 |
_a239 с. : _bпортр. |
||
| 440 | 0 | _aПоэтическая Россия | |
| 653 | 0 | _aРусская поэзия | |
| 700 | 1 |
_aУшаков, А.М. _eсост. _4com |
|
| 090 | _c138492 | ||
| 999 |
_c137120 _d137120 |
||